[Event "TCh-FRA Top 12 2014"]
[Site "Saint-Quentin FRA"]
[Date "2014.05.30"]
[Round "7.2"]
[White "Vachier-Lagrave, Maxime"]
[Black "Wojtaszek, Radoslaw"]
[Result "1/2-1/2"]
[WhiteTitle "GM"]
[BlackTitle "GM"]
[WhiteElo "2758"]
[BlackElo "2724"]
[WhiteTeam "Clichy-Echecs-92"]
[BlackTeam "Mulhouse Philidor"]
[WhiteFideId "623539"]
[BlackFideId "1118358"]
[EventDate "2014.05.24"]

1. c4 Nf6 2. Nc3 e6 3. Nf3 d5 4. d4 Bb4 5. Bg5 h6 6. Bxf6 Qxf6 7. Qa4+ Nc6 8. e3
O-O 9. Be2 Bd7 10. Qb3 dxc4 11. Qxc4 Qe7 12. O-O Na5 13. Qxc7 Rac8 14. Qe5 Bxc3
15. bxc3 Qa3 16. Nd2 Qxc3 17. Ne4 Qa3 18. Bf3 Nc4 19. Qg3 Bc6 20. Nf6+ Kh8 21.
Nh5 Rg8 22. Rfd1 Qd6 23. Nf4 Bxf3 24. Qxf3 Rc7 25. g4 Rgc8 26. Rab1 b6 27. h4
Qe7 28. Rb5 Nd6 29. Rh5 Rc1 30. Kg2 Rxd1 31. Qxd1 Kg8 32. Qd3 Rc1 33. g5 Nf5 34.
e4 Nxh4+ 35. Rxh4 Qxg5+ 36. Qg3 Qxg3+ 37. Kxg3 g5 38. Rxh6 gxf4+ 39. Kxf4 Rc2
40. a4 Kg7 41. Rh1 Kf6 42. a5 Rxf2+ 43. Ke3 Rb2 44. axb6 axb6 45. Rc1 Rb3+ 46.
Kf4 b5 47. Rc7 b4 48. Rb7 Rb1 49. Ke3 b3 50. Kd3 b2 51. Kc3 Re1 52. e5+ 1/2-1/2

[Event "TCh-FRA Top 12 2014"]
[Site "Saint-Quentin FRA"]
[Date "2014.05.30"]
[Round "7.3"]
[White "Degraeve, Jean-Marc"]
[Black "Matlakov, Maxim"]
[Result "0-1"]
[WhiteTitle "GM"]
[BlackTitle "GM"]
[WhiteElo "2576"]
[BlackElo "2689"]
[WhiteTeam "Mulhouse Philidor"]
[BlackTeam "Clichy-Echecs-92"]
[WhiteFideId "600270"]
[BlackFideId "4168003"]
[EventDate "2014.05.24"]

1. e4 c5 2. Nf3 e6 3. c3 Nf6 4. e5 Nd5 5. Bc4 d6 6. d4 cxd4 7. cxd4 Be7 8. O-O
O-O 9. Qe2 b6 10. Nbd2 dxe5 11. dxe5 Bb7 12. Ne4 Nd7 13. Bd2 Nc5 14. Nfg5 h6 15.
Nxc5 bxc5 16. Ne4 Nb6 17. Bc3 Nxc4 18. Qxc4 Qd5 19. Qxd5 Bxd5 20. Rfe1 Rfd8 21.
a3 Bc6 22. f3 Rd5 23. Rac1 Bd8 24. Nd6 Rb8 25. b4 cxb4 26. Bxb4 Bb6+ 27. Kh1 Bd7
28. Red1 Bd4 29. Rc7 Ba4 30. Re1 a5 31. Rc8+ Rxc8 32. Nxc8 axb4 33. Ne7+ Kf8 34.
Nxd5 exd5 35. axb4 Bc3 0-1

[Event "TCh-FRA Top 12 2014"]
[Site "Saint-Quentin FRA"]
[Date "2014.05.30"]
[Round "7.4"]
[White "Fressinet, Laurent"]
[Black "Gajewski, Grzegorz"]
[Result "1/2-1/2"]
[WhiteTitle "GM"]
[BlackTitle "GM"]
[WhiteElo "2711"]
[BlackElo "2641"]
[WhiteTeam "Clichy-Echecs-92"]
[BlackTeam "Mulhouse Philidor"]
[WhiteFideId "608742"]
[BlackFideId "1116207"]
[EventDate "2014.05.24"]

1. Nf3 d5 2. d4 Nf6 3. c4 e6 4. Nc3 Bb4 5. Bg5 h6 6. Bxf6 Qxf6 7. e3 O-O 8. Rc1
dxc4 9. Bxc4 c5 10. dxc5 Bxc5 11. Qc2 Bb4 12. O-O Bxc3 13. Qxc3 Qxc3 14. Rxc3
Bd7 15. Rd1 Rc8 16. Be2 Rxc3 17. bxc3 f6 18. Rb1 b6 19. Rd1 Kf8 20. Nh4 Bc6 21.
Ng6+ Kf7 22. Bh5 Be4 23. Nf4+ Ke7 24. Rd4 f5 25. f3 Bb7 26. Ng6+ Kf6 27. e4 fxe4
28. fxe4 Nc6 29. Rd7 Ba6 30. Rd2 Ne7 31. Rf2+ Kg5 32. Nxe7 Kxh5 33. Rf7 Bd3 34.
Rxg7 Bxe4 35. Kf2 Kh4 36. Ke3 Bf5 37. Nxf5+ exf5 38. Kf4 Kh5 39. Rg3 Rf8 40. Rd3
Kg6 41. Rd7 Rc8 42. Rd6+ Kg7 43. Kxf5 Rc5+ 44. Ke4 Rxc3 45. Rd7+ Kg6 46. Rxa7
Rc2 47. Kf3 Rc3+ 48. Kg4 Rc4+ 49. Kh3 Rc3+ 50. g3 Rc2 51. a4 Ra2 52. Kg4 h5+ 53.
Kf4 Rxh2 54. Ra6 Rf2+ 55. Ke3 1/2-1/2

[Event "TCh-FRA Top 12 2014"]
[Site "Saint-Quentin FRA"]
[Date "2014.05.30"]
[Round "7.5"]
[White "Riff, Jean-Noel"]
[Black "Tregubov, Pavel V."]
[Result "1/2-1/2"]
[WhiteTitle "IM"]
[BlackTitle "GM"]
[WhiteElo "2458"]
[BlackElo "2616"]
[WhiteTeam "Mulhouse Philidor"]
[BlackTeam "Clichy-Echecs-92"]
[WhiteFideId "611190"]
[BlackFideId "4115341"]
[EventDate "2014.05.24"]

1. e4 c5 2. Nf3 Nc6 3. d4 cxd4 4. Nxd4 g6 5. c4 Nf6 6. Nc3 Nxd4 7. Qxd4 d6 8.
Be2 Bg7 9. Be3 O-O 10. Qd2 a5 11. Rc1 a4 12. f3 Qa5 13. Rc2 Be6 14. Nd5 1/2-1/2

[Event "TCh-FRA Top 12 2014"]
[Site "Saint-Quentin FRA"]
[Date "2014.05.30"]
[Round "7.6"]
[White "Hamdouchi, Hicham"]
[Black "Sokolov, Andrei1"]
[Result "1/2-1/2"]
[WhiteTitle "GM"]
[BlackTitle "GM"]
[WhiteElo "2627"]
[BlackElo "2560"]
[WhiteTeam "Clichy-Echecs-92"]
[BlackTeam "Mulhouse Philidor"]
[WhiteFideId "9000011"]
[BlackFideId "627089"]
[EventDate "2014.05.24"]

1. e4 c5 2. Nf3 e6 3. d3 Nc6 4. g3 d5 5. Qe2 Nge7 6. h4 dxe4 7. dxe4 Nd4 8. Qd1
Nxf3+ 9. Qxf3 Nc6 10. Bg2 Bd7 11. Na3 Nd4 12. Qd3 Ba4 13. b3 Bc6 14. O-O Nb5 15.
Qe2 Nd4 16. Qd3 Nb5 1/2-1/2

[Event "TCh-FRA Top 12 2014"]
[Site "Saint-Quentin FRA"]
[Date "2014.05.30"]
[Round "7.7"]
[White "Ider, Borya"]
[Black "Van Wely, Loek"]
[Result "0-1"]
[WhiteTitle "FM"]
[BlackTitle "GM"]
[WhiteElo "2392"]
[BlackElo "2656"]
[WhiteTeam "Mulhouse Philidor"]
[BlackTeam "Clichy-Echecs-92"]
[WhiteFideId "4901134"]
[BlackFideId "1000268"]
[EventDate "2014.05.24"]

1. d4 Nf6 2. c4 g6 3. Nc3 Bg7 4. e4 d6 5. h3 O-O 6. Bg5 Na6 7. Bd3 e5 8. d5 Qe8
9. g4 Nd7 10. Nge2 Ndc5 11. Bc2 f5 12. a3 fxg4 13. b4 Nd7 14. hxg4 Qf7 15. Rh2
Nb6 16. Bb3 Bxg4 17. Qd2 c5 18. dxc6 bxc6 19. Qxd6 Rac8 20. Qe7 Be6 21. Nd5 cxd5
22. exd5 Qxe7 23. Bxe7 Rf3 24. Bd1 Bf7 25. d6 Rxc4 26. Ng3 e4 27. Bxf3 exf3 28.
Rd1 Nb8 29. Rh4 Rc2 30. Kf1 N8d7 31. Ne4 Ra2 32. Ng5 Bc4+ 33. Kg1 Be2 34. Rb1 h6
35. Ne6 Rxa3 36. Rc1 g5 37. Rg4 Bb2 38. Rb1 Be5 39. Nd4 Rd3 40. Nf5 Kh7 41. Rc1
Bf4 42. Ra1 Kg6 43. Rxf4 gxf4 44. Nh4+ Kh5 45. Rxa7 Rd1+ 46. Kh2 Ne5 47. Ra5 Nd5 0-1

[Event "TCh-FRA Top 12 2014"]
[Site "Saint-Quentin FRA"]
[Date "2014.05.30"]
[Round "7.8"]
[White "Skripchenko, Almira"]
[Black "Choisy, Mathilde"]
[Result "1-0"]
[WhiteTitle "IM"]
[BlackTitle "WFM"]
[WhiteElo "2442"]
[BlackElo "2144"]
[WhiteTeam "Clichy-Echecs-92"]
[BlackTeam "Mulhouse Philidor"]
[WhiteFideId "13900145"]
[BlackFideId "634565"]
[EventDate "2014.05.24"]

1. e4 c5 2. Nc3 Nc6 3. Bb5 Nd4 4. Bc4 e6 5. Nge2 Nf6 6. O-O a6 7. d3 b5 8. Bb3
Nxb3 9. axb3 Bb7 10. f4 d6 11. Ng3 Be7 12. Qe2 h5 13. Nh1 Qb6 14. Nf2 Qc6 15.
Nh3 d5 16. exd5 Nxd5 17. Ng5 Nxc3 18. bxc3 Bf6 19. Bd2 h4 20. h3 Qc7 21. Ne4
O-O-O 22. Be3 Be7 23. c4 f5 24. Ng5 Bxg5 25. fxg5 g6 26. Bf4 Qc6 27. Rf2 Rhe8
28. Be5 b4 29. Qe3 Qb6 30. Qf4 Rd7 31. Qxh4 Bc6 32. Re2 Kb7 33. Rae1 Ka7 34. Bf6
Qb7 35. Qf2 Qb6 36. Rxe6 1-0

[Event "TCh-FRA Top 12 2014"]
[Site "Saint-Quentin FRA"]
[Date "2014.05.31"]
[Round "8.1"]
[White "Istratescu, Andrei"]
[Black "Vachier-Lagrave, Maxime"]
[Result "0-1"]
[WhiteTitle "GM"]
[BlackTitle "GM"]
[WhiteElo "2667"]
[BlackElo "2758"]
[WhiteTeam "Evry Grand Roque"]
[BlackTeam "Clichy-Echecs-92"]
[WhiteFideId "1200372"]
[BlackFideId "623539"]
[EventDate "2014.05.24"]

1. Nf3 Nf6 2. c4 g6 3. Nc3 d5 4. d4 Bg7 5. Bf4 O-O 6. Rc1 dxc4 7. e3 Be6 8. Ng5
Bd5 9. e4 h6 10. exd5 hxg5 11. Bxg5 Nxd5 12. Bxc4 Nb6 13. Bb3 Nc6 14. d5 Nd4 15.
O-O Qd7 16. Re1 Rfe8 17. h4 Rad8 18. Ba4 Nxa4 19. Qxa4 Qxa4 20. Nxa4 Rd7 21. b3
Nb5 22. Nc5 Rxd5 23. Nxb7 Nc3 24. Rc2 Rb8 25. Bd2 Nb5 26. Na5 Na3 27. Rxc7 Rxd2
28. Nc6 Nb5 29. Rcxe7 Rb6 30. Re8+ Kh7 31. Ne5 Bxe5 32. R1xe5 Rxa2 33. R8e7 Kg7
34. h5 gxh5 35. Rxh5 Nd4 36. Rd5 Ne2+ 37. Kf1 Rh6 38. g3 Nxg3+ 39. Kg2 Nh5 0-1

[Event "TCh-FRA Top 12 2014"]
[Site "Saint-Quentin FRA"]
[Date "2014.05.31"]
[Round "8.2"]
[White "Van Wely, Loek"]
[Black "Fedorchuk, Sergey A."]
[Result "0-1"]
[WhiteTitle "GM"]
[BlackTitle "GM"]
[WhiteElo "2656"]
[BlackElo "2638"]
[WhiteTeam "Clichy-Echecs-92"]
[BlackTeam "Evry Grand Roque"]
[WhiteFideId "1000268"]
[BlackFideId "14102536"]
[EventDate "2014.05.24"]

1. d4 Nf6 2. c4 e6 3. Nc3 Bb4 4. Qc2 O-O 5. a3 Bxc3+ 6. Qxc3 d6 7. Nf3 Nbd7 8.
e3 b6 9. Be2 Bb7 10. O-O Ne4 11. Qc2 f5 12. b4 Rf6 13. Bb2 Rg6 14. d5 c5 15.
Rad1 Qe7 16. g3 Rf8 17. Ne1 Ng5 18. Ng2 Rh6 19. f3 Nf6 20. h4 Nf7 21. dxe6 Qxe6
22. Bd3 Bc8 23. Rfe1 Ne5 24. Be2 Nh5 25. Nf4 Qf7 26. Nxh5 Qxh5 27. Bxe5 dxe5 28.
f4 Qg6 29. Kf2 Bb7 30. Rg1 Qf7 31. Rd2 Qe7 32. Qc3 Re6 33. fxe5 Rxe5 34. Rgd1
Bc6 35. b5 Be8 36. Bf3 h6 37. Rd8 Kh7 38. Rb8 Qf6 39. Rd3 Re7 40. Qxf6 Rxf6 41.
h5 Rfe6 42. a4 Re5 43. Ra8 Bf7 44. Be2 Re4 45. Rc3 g6 46. hxg6+ Kxg6 47. Rd8 Kg5
48. Rd6 h5 49. Rd1 h4 50. Rg1 Kf6 51. Bf1 Rg4 52. Be2 hxg3+ 53. Rxg3 Rh4 54. Bf1
Rd7 55. Rh3 Rd2+ 56. Ke1 Rxh3 57. Kxd2 Rh2+ 58. Ke1 Ra2 59. Bd3 Ke5 60. Rc1 Bh5
61. Rc2 Ra1+ 62. Kd2 Rxa4 63. Rc3 Bf3 64. Rc1 Ra2+ 65. Rc2 Ra4 66. Rc1 Be4 67.
Bf1 Ra2+ 68. Kc3 Rh2 69. Re1 Rh1 70. Kd2 Rg1 71. Be2 Rg2 72. Kc3 Rh2 73. Bd1 Rh3
74. Kd2 f4 75. exf4+ Kd4 76. Be2 Rh2 77. f5 Bxf5 78. Rg1 Be6 79. Ke1 Rh4 80. Rg7
Bxc4 81. Rxa7 Re4 82. Rd7+ Kc3 0-1

[Event "TCh-FRA Top 12 2014"]
[Site "Saint-Quentin FRA"]
[Date "2014.05.31"]
[Round "8.3"]
[White "Sochacki, Christophe"]
[Black "Fressinet, Laurent"]
[Result "1-0"]
[WhiteTitle "IM"]
[BlackTitle "GM"]
[WhiteElo "2449"]
[BlackElo "2711"]
[WhiteTeam "Evry Grand Roque"]
[BlackTeam "Clichy-Echecs-92"]
[WhiteFideId "662569"]
[BlackFideId "608742"]
[EventDate "2014.05.24"]

1. e4 c6 2. d4 d5 3. Nc3 dxe4 4. Nxe4 Bf5 5. Ng3 Bg6 6. h4 h6 7. Nf3 e6 8. h5
Bh7 9. Bd3 Bxd3 10. Qxd3 Nf6 11. Bf4 c5 12. O-O-O Nc6 13. Ne4 Nd5 14. Bg3 cxd4
15. Nxd4 Rc8 16. Nb5 Ncb4 17. Qf3 Rc6 18. a3 Qb6 19. Nbc3 Nxc3 20. Nxc3 Rxc3 21.
bxc3 Nc6 22. c4 Qa5 23. Rd3 Be7 24. Rhd1 O-O 25. Rb3 Qa4 26. Bd6 Bxd6 27. Rxd6
Qxc4 28. Rxb7 Ne5 29. Qd1 Qc3 30. Qd4 Qxa3+ 31. Kb1 Qa5 32. Qb4 Qxb4+ 33. Rxb4
Rc8 34. Rb7 a5 35. Ra6 Nc4 36. Raa7 Nd6 37. Rd7 Nb5 38. Rxa5 Nc3+ 39. Kb2 Ne4
40. f3 Rb8+ 41. Kc1 Nc3 42. Kd2 Nd5 43. Raa7 1-0

[Event "TCh-FRA Top 12 2014"]
[Site "Saint-Quentin FRA"]
[Date "2014.05.31"]
[Round "8.4"]
[White "Matlakov, Maxim"]
[Black "Fargere, Francois"]
[Result "1-0"]
[WhiteTitle "GM"]
[BlackTitle "GM"]
[WhiteElo "2689"]
[BlackElo "2407"]
[WhiteTeam "Clichy-Echecs-92"]
[BlackTeam "Evry Grand Roque"]
[WhiteFideId "4168003"]
[BlackFideId "615935"]
[EventDate "2014.05.24"]

1. Nf3 Nf6 2. g3 g6 3. c4 c6 4. b3 Bg7 5. Bb2 O-O 6. Bg2 d5 7. O-O Bg4 8. d3
Bxf3 9. Bxf3 e6 10. Nd2 Nbd7 11. Qc2 Qe7 12. Rab1 a5 13. d4 e5 14. dxe5 Nxe5 15.
Bg2 Rfd8 16. e3 dxc4 17. bxc4 Nd3 18. Bd4 Nb4 19. Qa4 Ne8 20. Nf3 Bxd4 21. exd4
Nd6 22. a3 Na6 23. Rfe1 Qc7 24. Ne5 Nf5 25. d5 Nc5 26. Qc2 Nd7 27. Rxb7 Qxb7 28.
dxc6 Qc7 29. Nxd7 Rac8 30. Qc3 Rxd7 31. cxd7 Qxd7 32. Bd5 Qd8 33. Rd1 Qb6 34.
Re1 Qc5 35. Qf6 Nd6 36. Re7 1-0

[Event "TCh-FRA Top 12 2014"]
[Site "Saint-Quentin FRA"]
[Date "2014.05.31"]
[Round "8.5"]
[White "Moussard, Jules"]
[Black "Jakovenko, Dmitry"]
[Result "0-1"]
[WhiteTitle "IM"]
[BlackTitle "GM"]
[WhiteElo "2440"]
[BlackElo "2730"]
[WhiteTeam "Evry Grand Roque"]
[BlackTeam "Clichy-Echecs-92"]
[WhiteFideId "642908"]
[BlackFideId "4122356"]
[EventDate "2014.05.24"]

1. Nf3 c5 2. g3 g6 3. Bg2 Bg7 4. O-O Nc6 5. c4 d6 6. Nc3 e6 7. a3 Nge7 8. Rb1 b6
9. b4 Bb7 10. e3 O-O 11. d4 Rc8 12. Qd3 cxb4 13. axb4 a5 14. Ba3 axb4 15. Bxb4
Ba6 16. Nb5 d5 17. Bxe7 Nxe7 18. Qa3 Ra8 19. Qb3 dxc4 20. Qxc4 Nc8 21. Qc7 Na7
22. Qxd8 Rfxd8 23. Nxa7 Bxf1 24. Bxf1 Rxa7 25. Rxb6 Ra2 26. Ne1 e5 27. d5 e4 28.
Rb1 Rd2 29. Bc4 Bf8 30. h4 Rc8 31. Ba6 Ra8 32. Bc4 Ra4 33. Bb3 Rb4 34. Kf1 Kg7
35. Rd1 Rb2 36. Bc2 Bd6 37. Ke2 Rc4 38. Kd2 Bb4+ 39. Kc1 Ba3 40. Kd2 Rc8 41. g4
h6 0-1

[Event "TCh-FRA Top 12 2014"]
[Site "Saint-Quentin FRA"]
[Date "2014.05.31"]
[Round "8.6"]
[White "Tregubov, Pavel V."]
[Black "Gordon, Stephen J"]
[Result "1/2-1/2"]
[WhiteTitle "GM"]
[BlackTitle "GM"]
[WhiteElo "2616"]
[BlackElo "2493"]
[WhiteTeam "Clichy-Echecs-92"]
[BlackTeam "Evry Grand Roque"]
[WhiteFideId "4115341"]
[BlackFideId "411477"]
[EventDate "2014.05.24"]

1. d4 Nf6 2. c4 e6 3. Nc3 Bb4 4. e3 O-O 5. Bd3 d5 6. Ne2 dxc4 7. Bxc4 Be7 8. O-O
a6 9. Ng3 c5 10. dxc5 Bxc5 11. b3 Qxd1 12. Rxd1 Bd7 13. Nce4 Nxe4 14. Nxe4 Be7
15. a4 Bc6 16. Nd6 a5 17. Ba3 Na6 18. Bb5 Bd5 19. Bc4 Bxc4 20. bxc4 Bxd6 21.
Bxd6 Rfc8 22. Rd4 Nc5 23. Bxc5 Rxc5 24. f4 Rac8 25. Rb1 Rxc4 26. Rxb7 Rxd4 27.
exd4 g5 28. fxg5 Rc4 29. Rb5 Rxa4 30. d5 exd5 31. Rxd5 Kg7 32. Kf2 Kg6 33. Kf3
f6 34. gxf6 Kxf6 35. Rb5 Ra3+ 36. Kg4 Ra2 37. Kf3 1/2-1/2

[Event "TCh-FRA Top 12 2014"]
[Site "Saint-Quentin FRA"]
[Date "2014.05.31"]
[Round "8.7"]
[White "Milliet, Sophie"]
[Black "Lagarde, Maxime"]
[Result "1-0"]
[WhiteTitle "IM"]
[BlackTitle "GM"]
[WhiteElo "2393"]
[BlackElo "2510"]
[WhiteTeam "Evry Grand Roque"]
[BlackTeam "Clichy-Echecs-92"]
[WhiteFideId "623725"]
[BlackFideId "662399"]
[EventDate "2014.05.24"]

1. e4 g6 2. d4 Bg7 3. Nc3 a6 4. h4 h5 5. Nf3 d6 6. Ng5 e6 7. Be2 Ne7 8. Be3 Nd7
9. Qd2 d5 10. O-O-O b5 11. g4 hxg4 12. Bxg4 Nf6 13. Bf3 Bb7 14. e5 Nh5 15. Ne2
Nf5 16. Nf4 Nxf4 17. Bxf4 Rxh4 18. Rxh4 Nxh4 19. Rh1 Nxf3 20. Nxf3 Qe7 21. Bg5
Qf8 22. Qf4 c5 23. Bf6 cxd4 24. Rh7 Bxf6 25. Qxf6 Qe7 26. Ng5 Qxf6 27. exf6 Rd8
28. Rxf7 Rd7 29. Rg7 1-0

[Event "TCh-FRA Top 12 2014"]
[Site "Saint-Quentin FRA"]
[Date "2014.05.31"]
[Round "8.1"]
[White "Ipatov, Alexander"]
[Black "Navara, David"]
[Result "0-1"]
[WhiteTitle "GM"]
[BlackTitle "GM"]
[WhiteElo "2613"]
[BlackElo "2708"]
[WhiteTeam "C.E. de Bois-Colombes"]
[BlackTeam "Mulhouse Philidor"]
[WhiteFideId "14116731"]
[BlackFideId "309095"]
[EventDate "2014.05.24"]

1. c4 e5 2. Nc3 Nf6 3. g3 Nc6 4. Bg2 Bc5 5. d3 d6 6. Nf3 O-O 7. O-O a6 8. a3 Bd7
9. b4 Ba7 10. Bg5 h6 11. Bh4 Nd4 12. Nxd4 Bxd4 13. Bxf6 Qxf6 14. Rc1 Bxc3 15.
Rxc3 c6 16. a4 Qe7 17. a5 Bg4 18. Qd2 Qd7 19. Rb1 Bh3 20. Bh1 Qe7 21. Rcb3 Be6
22. R3b2 Qc7 23. Ra1 Rfc8 24. Qe3 d5 25. Qc5 Rd8 26. e3 dxc4 27. dxc4 Rd3 28.
Rc1 Rad8 29. Bf3 Bh3 30. Rbb1 Rd2 31. Bg2 Qd7 32. Bxh3 Qxh3 33. Rf1 Qf5 34. Rbe1
Qe4 35. b5 h5 36. h4 R8d6 37. bxc6 Rg6 38. Kh2 Qf3 0-1

[Event "TCh-FRA Top 12 2014"]
[Site "Saint-Quentin FRA"]
[Date "2014.05.31"]
[Round "8.2"]
[White "Wojtaszek, Radoslaw"]
[Black "Bauer, Christian"]
[Result "1-0"]
[WhiteTitle "GM"]
[BlackTitle "GM"]
[WhiteElo "2724"]
[BlackElo "2628"]
[WhiteTeam "Mulhouse Philidor"]
[BlackTeam "C.E. de Bois-Colombes"]
[WhiteFideId "1118358"]
[BlackFideId "603767"]
[EventDate "2014.05.24"]

1. d4 a6 2. c4 b5 3. e4 Bb7 4. d5 e6 5. Nf3 Nf6 6. dxe6 fxe6 7. e5 Ne4 8. Nbd2
Bb4 9. cxb5 O-O 10. Be2 Bxd2+ 11. Bxd2 axb5 12. Be3 Ra5 13. Qc2 Na6 14. O-O Bd5
15. Nd4 Nb4 16. Qb1 Qh4 17. a3 Nc6 18. Nxc6 Bxc6 19. Qe1 Ng5 20. f3 Qxe1 21.
Rfxe1 Nf7 22. Bc5 Rb8 23. Bb4 Ra7 24. Bd3 Bd5 25. Rad1 Rab7 26. Be4 c6 27. f4
Rc8 28. Bc5 g5 29. g3 Ra8 30. Bc2 Kg7 31. Be7 g4 32. f5 exf5 33. Bxf5 Be6 34.
Bc2 h6 35. Rf1 Re8 36. Bf6+ Kg8 37. Rd4 c5 38. Rdf4 Ng5 39. Bxg5 hxg5 40. Rf6
Re7 41. Bf5 Bxf5 42. R1xf5 Rg7 43. e6 b4 44. e7 Rxe7 45. Rxg5+ Rg7 46. Rxc5 bxa3
47. bxa3 Ra7 48. Rc3 Rf7 49. Rg6+ Rg7 50. Rb6 Ra5 51. Rb4 Kh7 52. a4 Rd5 53.
Rcc4 Rd1+ 54. Kf2 Rd2+ 55. Ke3 1-0

[Event "TCh-FRA Top 12 2014"]
[Site "Saint-Quentin FRA"]
[Date "2014.05.31"]
[Round "8.3"]
[White "Amin, Bassem"]
[Black "Gajewski, Grzegorz"]
[Result "1/2-1/2"]
[WhiteTitle "GM"]
[BlackTitle "GM"]
[WhiteElo "2628"]
[BlackElo "2641"]
[WhiteTeam "C.E. de Bois-Colombes"]
[BlackTeam "Mulhouse Philidor"]
[WhiteFideId "10601457"]
[BlackFideId "1116207"]
[EventDate "2014.05.24"]

1. Nf3 d5 2. g3 c6 3. Bg2 Bg4 4. O-O Nf6 5. d3 Nbd7 6. Qe1 e6 7. e4 dxe4 8. dxe4
Bxf3 9. Bxf3 Qc7 10. a4 h5 11. Bf4 Ne5 12. Bg2 h4 13. Qc3 Bd6 14. Rd1 hxg3 15.
hxg3 Nfg4 16. Na3 O-O-O 17. Rd4 Qe7 18. Rad1 Bb4 19. Rxd8+ Rxd8 20. Rxd8+ Qxd8
21. Qxb4 Qd1+ 22. Bf1 Nf3+ 23. Kg2 Ne1+ 24. Kg1 Nf3+ 1/2-1/2

[Event "TCh-FRA Top 12 2014"]
[Site "Saint-Quentin FRA"]
[Date "2014.05.31"]
[Round "8.4"]
[White "Sokolov, Andrei1"]
[Black "Cornette, Matthieu"]
[Result "1/2-1/2"]
[WhiteTitle "GM"]
[BlackTitle "GM"]
[WhiteElo "2560"]
[BlackElo "2547"]
[WhiteTeam "Mulhouse Philidor"]
[BlackTeam "C.E. de Bois-Colombes"]
[WhiteFideId "627089"]
[BlackFideId "620084"]
[EventDate "2014.05.24"]

1. e4 c5 2. Nf3 Nc6 3. d4 cxd4 4. Nxd4 e5 5. Nb5 d6 6. N1c3 a6 7. Na3 Be7 8. Nd5
Nf6 9. Nxf6+ Bxf6 10. Nc4 O-O 11. c3 Be7 12. Ne3 Be6 13. Bc4 Bg5 14. Bd5 Qd7 15.
Nc4 Bxc1 16. Rxc1 Rad8 17. Ne3 Ne7 18. c4 Bxd5 19. Nxd5 Nc6 20. O-O f5 21. exf5
Rxf5 22. f4 Rdf8 23. g3 R5f7 24. Qd3 Qh3 25. Rce1 Nd4 26. Qe4 Ne6 27. Qg2 Qxg2+
28. Kxg2 1/2-1/2

[Event "TCh-FRA Top 12 2014"]
[Site "Saint-Quentin FRA"]
[Date "2014.05.31"]
[Round "8.5"]
[White "Kazakov, Mikhail"]
[Black "Degraeve, Jean-Marc"]
[Result "1/2-1/2"]
[WhiteTitle "GM"]
[BlackTitle "GM"]
[WhiteElo "2517"]
[BlackElo "2576"]
[WhiteTeam "C.E. de Bois-Colombes"]
[BlackTeam "Mulhouse Philidor"]
[WhiteFideId "14102749"]
[BlackFideId "600270"]
[EventDate "2014.05.24"]

1. d4 e6 2. c4 Bb4+ 3. Nc3 b6 4. e3 Bb7 5. Ne2 d5 6. Qa4+ Nc6 7. cxd5 Qxd5 8. a3
Bxc3+ 9. Nxc3 Qd7 10. Ba6 Bxa6 11. Qxa6 Nge7 12. b4 e5 13. dxe5 Nxe5 14. O-O O-O
15. Bb2 Qc8 16. Qxc8 Rfxc8 17. Rad1 Nc4 18. Bc1 c5 19. bxc5 Rxc5 20. e4 f6 21.
h3 b5 22. Rd7 Kf8 23. Bf4 Nb6 24. Rd3 Nc4 25. Rfd1 Ke8 26. Rg3 g5 27. Bd6 Nxd6
28. Rxd6 Rac8 29. Nd5 Nxd5 30. exd5 Kf7 31. Rf3 Kg7 32. Rdxf6 R8c7 33. R6f5 Kg6
34. Re5 Rd7 35. Re6+ Kg7 36. d6 a6 37. Rfe3 Kf7 38. Re7+ Rxe7 39. Rxe7+ Kg6 40.
Ra7 Kf6 41. Rxa6 Ke6 42. Kh2 h5 43. Rb6 h4 44. g3 hxg3+ 45. fxg3 Rc2+ 46. Kg1
Rb2 47. Kf1 Kd7 48. Kg1 Ke6 49. g4 Rb1+ 50. Kf2 Rb2+ 51. Ke3 Rb3+ 52. Ke4 Rxh3
53. d7+ Kxd7 54. Kf5 Rxa3 55. Kxg5 Rb3 56. Kg6 Rb1 57. g5 b4 58. Kg7 b3 59. g6
b2 60. Rb3 Kc6 61. Rc3+ Kb5 62. Rc2 Kb4 63. Rf2 1/2-1/2

[Event "TCh-FRA Top 12 2014"]
[Site "Saint-Quentin FRA"]
[Date "2014.05.31"]
[Round "8.6"]
[White "Riff, Jean-Noel"]
[Black "Abergel, Thal"]
[Result "1-0"]
[WhiteTitle "IM"]
[BlackTitle "GM"]
[WhiteElo "2458"]
[BlackElo "2417"]
[WhiteTeam "Mulhouse Philidor"]
[BlackTeam "C.E. de Bois-Colombes"]
[WhiteFideId "611190"]
[BlackFideId "614890"]
[EventDate "2014.05.24"]

1. e4 e5 2. Nf3 d6 3. d4 exd4 4. Nxd4 Nf6 5. Nc3 Be7 6. Bf4 O-O 7. Be2 c6 8. Qd2
d5 9. exd5 Nxd5 10. Nxd5 Qxd5 11. Bf3 Qd8 12. O-O-O Bf6 13. Rhe1 h6 14. Nb3 Qb6
15. g4 c5 16. Be3 Na6 17. Qd6 Qb5 18. h4 Be6 19. g5 Rfd8 20. Qg3 hxg5 21. hxg5
Rxd1+ 22. Rxd1 Bxb2+ 23. Kxb2 c4 24. g6 cxb3 25. gxf7+ Bxf7 26. axb3 Nc5 27. Bd4
Ne6 28. Bxg7 Nxg7 29. Rg1 Bg6 30. Qxg6 Qe5+ 31. Kb1 Rd8 32. Be2 Rd4 33. Bc4+
Rxc4 34. bxc4 Kf8 35. Qg3 Qe7 36. c5 Qd7 37. Qd6+ 1-0

[Event "TCh-FRA Top 12 2014"]
[Site "Saint-Quentin FRA"]
[Date "2014.05.31"]
[Round "8.7"]
[White "Dionisi, Thomas"]
[Black "Lerch, Patrice"]
[Result "1/2-1/2"]
[WhiteTitle "FM"]
[BlackTitle "FM"]
[WhiteElo "2377"]
[BlackElo "2355"]
[WhiteTeam "C.E. de Bois-Colombes"]
[BlackTeam "Mulhouse Philidor"]
[WhiteFideId "651893"]
[BlackFideId "605867"]
[EventDate "2014.05.24"]

1. e4 c5 2. Nf3 Nc6 3. Bb5 e6 4. Bxc6 bxc6 5. d3 Ne7 6. Qe2 d5 7. O-O Ng6 8. c4
Bd6 9. e5 Be7 10. Nc3 O-O 11. b3 f6 12. Bb2 Nf4 13. Qd2 fxe5 14. Nxe5 Bd6 15.
Ne2 d4 16. Nxf4 Bxe5 17. Ne2 Qh4 18. f4 Bd6 19. Ba3 Bd7 20. Nxd4 Rxf4 21. Rxf4
Bxf4 22. Nf3 Bxh2+ 23. Kh1 Bf4+ 24. Nxh4 Bxd2 25. Bxc5 a5 26. Nf3 Bc3 27. Rc1
Bb4 28. Bxb4 axb4 29. Rc2 c5 30. Ne5 Be8 31. Kg1 Kf8 32. Kf2 Ke7 33. Ke3 Kf6 34.
d4 cxd4+ 35. Kxd4 Rd8+ 36. Ke4 Rd1 37. Rf2+ Ke7 38. Ke3 Kd6 39. Nd3 Bg6 40. Nxb4
Kc5 41. Nc2 Rd3+ 42. Ke2 Rd8 43. Ne1 Kd4 44. Nf3+ Kc3 45. Ne5 Rd2+ 46. Ke3 Rxf2
47. Kxf2 Be4 48. g3 Kb4 49. Ke3 Bb1 50. Kd4 Bxa2 51. Nd3+ Ka5 52. b4+ Kb6 53.
Nc5 e5+ 54. Kd5 Ka7 55. Ne4 h5 56. Nd2 g5 57. Kxe5 h4 58. gxh4 gxh4 59. Kf4 Kb6
60. Kg4 Bxc4 61. Nxc4+ Kb5 62. Kxh4 Kxb4 1/2-1/2